Building Codes Illustrated: A Guide to Understanding the 2018 International Building Code /
Guardado en:
| Autores principales: | , |
|---|---|
| Formato: | Libro |
| Lenguaje: | inglés |
| Publicado: |
Hoboken :
John Wiley & Sons, Inc.,
2018
|
| Edición: | 6. vydanie |
| Materias: | |
| Etiquetas: |
Sin Etiquetas, Sea el primero en etiquetar este registro!
|
MARC
| LEADER | 00000nam a22000003a 4500 | ||
|---|---|---|---|
| 001 | 0090182 | ||
| 003 | SK-STU | ||
| 005 | 20210907135540.6 | ||
| 007 | ta | ||
| 008 | 210907s ----xo-----e------000-0-----d | ||
| 020 | |a 978-1-119-48035-8 | ||
| 040 | |a STU |b slo | ||
| 041 | 0 | |a eng | |
| 044 | |a xxu | ||
| 100 | 1 | |a Ching, Francis D. K. |4 aut | |
| 245 | 1 | 0 | |a Building Codes Illustrated: |b A Guide to Understanding the 2018 International Building Code / |c aut. Francis D. K Ching, Steven R Winkel |
| 250 | |a 6. vydanie | ||
| 260 | |a Hoboken : |b John Wiley & Sons, Inc., |c 2018 | ||
| 300 | |a 466 s. | ||
| 650 | 0 | 7 | |a technické normy |
| 650 | 0 | 7 | |a stavebníctvo |
| 650 | 0 | 7 | |a architektúra |
| 650 | 0 | 7 | |a stavebné konštrukcie |
| 650 | 0 | 7 | |a povrchové úpravy |
| 650 | 0 | 7 | |a protipožiarne systémy |
| 650 | 0 | 7 | |a bezbariérová prístupnosť |
| 650 | 0 | 7 | |a interiér |
| 650 | 0 | 7 | |a exteriérové obklady |
| 650 | 0 | 7 | |a strechy |
| 650 | 0 | 7 | |a stavebné materiály |
| 700 | 1 | |a Winkel, Steven R. |4 aut | |
| 996 | |b 284AU08959 |c A* 12239/U |l AAKNST |s P |a 0 |w 0090182_0001 | ||